| 000 | 00535nam a2200169 a 4500 | ||
|---|---|---|---|
| 001 | 000027223 | ||
| 005 | 20240306073908.0 | ||
| 008 | 110330s1972 dr 000 0 spa d | ||
| 040 |
_aDO-SdBNP _bspa _cBNPHU |
||
| 082 |
_axxx _bT853d |
||
| 100 | 1 |
_aTroncoso Sánchez, Pedro, _d1904-1989 _923599 |
|
| 245 | 1 | 3 |
_aEl decálogo Duartiano / _cPedro Troncoso Sánchez. |
| 260 |
_aSanto Domingo : _bEditora del Caribe, _c1972. |
||
| 300 |
_a106 p. ; _c23 cm. |
||
| 490 | 1 |
_aInstituto Duartiano _vno. 7 |
|
| 830 | 0 |
_aInstituto Duartiano _nno.7 _954289 |
|
| 999 |
_c26715 _d26715 |
||